| 000 | 01388nkm a2200313 i 4500 | ||
|---|---|---|---|
| 001 | 4266 | ||
| 003 | ES-MaACL | ||
| 005 | 20250713062959.0 | ||
| 007 | khrbo | ||
| 008 | 070705s1988 sp --- g |001||spa d | ||
| 100 | 0 |
_aAlfonso, _d1902-1990 _919858 |
|
| 245 | 1 | 0 |
_aPresentación del libro "Papá Lucas" de Carlos Thorne [ _hFotografía] / _cAlfonso (sello). |
| 260 |
_a[S.l. : _bs.n.], _c1988. |
||
| 300 |
_a2 fot. : _bb. y n. ; _c12 x 18 cm. |
||
| 500 | _aDatos basados en invitación. | ||
| 511 | 0 | _aIntervienen: Carlos Thorne, Alonso Zamora Vicente, Marta Portal, Carlos Villanes Cairo, Tomás Mallo. | |
| 518 | _aActo organizado por la Sección Iberoamericana del Ateneo de Madrid en colaboración con la Embajada del Perú, celebrado en la sala de conferencias el lunes, 4 de abril de 1988, a las 19:30 h. | ||
| 600 | 1 | 4 |
_aThorne, Carlos. _9110145 |
| 600 | 1 | 4 |
_aZamora Vicente, Alonso. _9117952 |
| 600 | 1 | 4 |
_aPortal, Marta. _993192 |
| 600 | 1 | 4 |
_aVillanes Cairo, Carlos. _9115005 |
| 600 | 1 | 4 |
_aMallo, Tomás _975818 |
| 610 | 2 | 4 |
_aAteneo de Madrid- _xActos culturales- _y1988- _vFotografías. _91903 |
| 710 | 2 |
_aAteneo de Madrid. _bSección Iberoamericana. _92012 |
|
| 710 | 1 |
_aPerú. _bEmbajada (España) _96213 |
|
| 852 |
_aES-MaACL _jFOT 80/1988 |
||
| 856 | 4 |
_uhttp://www.ateneodemadrid.net/biblioteca_digital/imagenes/1988/0080-1988.jpg _zVer imagen |
|
| 999 |
_c4266 _d4266 |
||